Thesis writing with confidence / (Record no. 117747)
[ view plain ]
| 000 -LEADER | |
|---|---|
| fixed length control field | 00521nam a2200169Ia 4500 |
| 008 - FIXED-LENGTH DATA ELEMENTS--GENERAL INFORMATION | |
| fixed length control field | 140529s9999 xx 000 0 und d |
| 020 ## - INTERNATIONAL STANDARD BOOK NUMBER | |
| International Standard Book Number | 9789710172801 |
| 050 ## - LIBRARY OF CONGRESS CALL NUMBER | |
| Classification number | LB 2369 |
| Item number | .B34 2011 |
| 100 ## - MAIN ENTRY--PERSONAL NAME | |
| Personal name | Bago, Adelaida Lacaba. |
| 245 ## - TITLE STATEMENT | |
| Title | Thesis writing with confidence / |
| Statement of responsibility, etc | Adelaida Lacaba-Bago |
| 260 ## - PUBLICATION, DISTRIBUTION, ETC. (IMPRINT) | |
| Place of publication, distribution, etc | Quezon City, Philippines : |
| Name of publisher, distributor, etc | C & E Publishing, |
| Date of publication, distribution, etc | c2011. |
| 300 ## - PHYSICAL DESCRIPTION | |
| Extent | 186 p. ; |
| Dimensions | 22 cm. |
| 500 ## - GENERAL NOTE | |
| General note | Includes bibliographical references and index. |
| 521 ## - TARGET AUDIENCE NOTE | |
| Target audience note | |
| 942 ## - ADDED ENTRY ELEMENTS (KOHA) | |
| Call number prefix | Local |
| Koha item type | Books |
| Withdrawn status | Lost status | Source of classification or shelving scheme | Damaged status | Home library | Current library | Shelving location | Date acquired | Source of acquisition | Total Checkouts | Total Renewals | Full call number | Barcode | Date last seen | Date checked out | Price effective from | Koha item type | Public note |
|---|---|---|---|---|---|---|---|---|---|---|---|---|---|---|---|---|---|
| Lost and Paid For | Library of Congress Classification | College Library | Southville International School Affiliated with Foreign Universities Library | Filipiniana Section | 05/30/2014 | Library Fund | 1 | 5 | LB 2369 .B34 2011 | C16807 | 05/06/2019 | 05/06/2019 | 05/30/2014 | Books | LOST and REPLACE book entitled 'Thesis writing with confidence /, by Bago, Adelaida Lacaba. C16807' with the book entitled " research Methods and Thesis Writing 2nd edition by Laurentina Paler-Calmorin |